|
|
|
|
| LEADER |
01681nam a2200301 a 4500 |
| 001 |
GR-MES16593 |
| 008 |
140717s2012 gr gz 000 0 gre d |
| 040 |
|
|
|a GrPaTEI
|b gre
|c GR-PaULI
|
| 040 |
|
|
|a GrPaTEI
|b gre
|c GR-PaULI
|
| 100 |
1 |
|
|a Δαμάλα, Κυριακούλα-Σταυρούλα Αθαν
|
| 245 |
1 |
0 |
|a Ρύθμιση χρηματοπιστωτικών αγορών /
|c Σπουδαστές:Κυριακούλα-Σταυρούλα Αθαν. Δαμάλα,Ελένη Γεωρ. Δενδρινού,Παρασκευή Δημ. Σγουράκη ; Επιβλέπων :Κωνσταντίνος Βελτσίστας.
|
| 260 |
|
|
|a Μεσολόγγι :
|b ΤΕΙ Δυτικής Ελλάδας,
|c 2012
|
| 300 |
|
|
|a 98 σ. :
|b εικ.,σχημ.
|
| 504 |
|
|
|a βιβλιογραφία:σ.95
|
| 650 |
|
4 |
|a Πτυχιακή εργασία
|y 2012
|
| 650 |
|
4 |
|a Τράπεζες και τραπεζικό σύστημα
|z Ελλάς
|
| 650 |
|
4 |
|a Χρηματοδοτήσεις
|z Ελλάς
|
| 650 |
|
4 |
|a Χρηματοπιστωτικό σύστημα
|
| 700 |
1 |
|
|a Βελτσίστας, Κωνσταντίνος
|
| 700 |
1 |
|
|a Δενδρινού, Ελένη Γεωρ
|
| 700 |
1 |
|
|a Σγουράκη, Παρασκευή Δημ.
|
| 710 |
0 |
|
|a ΤΕΙ Δυτικής Ελλάδας
|
| 710 |
2 |
|
|a Σ.Δ.Ο. Τμήμα Λογιστικής
|
| 856 |
4 |
0 |
|u https://nereus.library.upatras.gr/formermes//ptyxiakes/sdo/sdo_log/2011-2015/180pe.pdf
|
| 942 |
|
|
|2 ddc
|
| 952 |
|
|
|0 0
|1 0
|2 ddc
|4 0
|7 0
|9 274594
|a MSLG
|b MSLG
|c BSC
|d 2021-01-17
|e 24
|f 0
|g 0.00
|l 0
|p 24200180
|r 2021-01-17 00:00:00
|t 1
|v 2021.00
|w 2021-01-17
|y BK15
|x 20140717 0 K.G. 0
|x GrPaTEI
|
| 971 |
|
|
|a .b25826426
|b 16-04-20
|c 13-09-16
|
| 999 |
|
|
|c 158926
|d 158926
|